00531 2200217 4500001002100000005001500021035002000036008004100056020001500097082000800112084001400120100001200134245003300146260004100179300002800220650001100248504002100259990001100280990001100291990001100302INLIS00000000001519820260204085920 a0010-0522000616260204 g 0 ind  a9792443185 a792 a792 FAT p0 aFatimah1 aPanduan Mengajar Seni Teater aJakarta :bSahala Adidayatama,c2010 avi+50 halaman ;c21 cm. 4aTeater aBibliografi : 50 a060740 a060741 a060739